[Event "Championnat de France des Jeunes - Pupi"]
[Site "LA ROCHE SUR YON"]
[Date "2008.04.21"]
[Round "3.15"]
[White "Jeannesson, Etienne"]
[Black "Bandet, Raphael"]
[Result "1-0"]
[WhiteElo "1810"]
[BlackElo "1530"]
[Annotator "Salaun,Michel"]
[PlyCount "47"]
[EventDate "2008.04.24"]
[EventType "swiss"]
[EventRounds "6"]
[EventCountry "FRA"]

1. e4 e5 2. Nf3 Nc6 3. Bc4 Bc5 4. c3 Nf6 5. d4 exd4 6. cxd4 Bb4+ 7. Nc3 O-O 8.
e5 Nd5 9. O-O Nxc3 10. bxc3 Bxc3 11. Ng5 h6 12. Nxf7 Qe8 13. Nd6+ Qe6 14. Bxe6+
dxe6 15. Rb1 cxd6 16. exd6 Bxd4 17. Qg4 e5 18. d7 Bxd7 19. Qxd7 Rfc8 20. Rxb7
e4 21. Bxh6 Rf8 22. Bxg7 Ne5 23. Bxe5 Bxe5 24. Qh7# 1-0

[Event "Championnat de France des Jeunes - Pupi"]
[Site "LA ROCHE SUR YON"]
[Date "2008.04.22"]
[Round "4.13"]
[White "Rouffignac, Tanguy"]
[Black "Bernard, Alien"]
[Result "1/2-1/2"]
[WhiteElo "1626"]
[BlackElo "1770"]
[Annotator "Salaun,Michel"]
[PlyCount "123"]
[EventDate "2008.04.24"]
[EventType "swiss"]
[EventRounds "6"]
[EventCountry "FRA"]

1. e4 e5 2. Nf3 Nc6 3. Bb5 Nf6 4. O-O d6 5. d4 Bd7 6. Nc3 a6 7. Ba4 Be7 8. Re1
b5 9. Bb3 Bg4 10. dxe5 Nxe5 11. Nd5 O-O 12. Kh1 Nxd5 13. Bxd5 c6 14. Bb3 Bh4
15. Qe2 Qf6 16. Rd1 Nxf3 17. h3 Ne5 18. hxg4 Qxf2 19. Qxf2 Bxf2 20. Rxd6 Rfd8
21. Rxd8+ Rxd8 22. Bg5 Rd4 23. Kh2 Nxg4+ 24. Kh3 h5 25. Rf1 Rxe4 26. Rd1 Re1
27. Rxe1 Bxe1 28. c4 Kf8 29. cxb5 axb5 30. a4 bxa4 31. Bxa4 c5 32. b3 f6 33.
Bf4 Ke7 34. Bb5 g5 35. Bc7 Ne5 36. Bb6 Bb4 37. Be2 h4 38. Bc7 Ng6 39. Kg4 Kd7
40. Bh2 Bc3 41. Bb5+ Ke7 42. Kf3 Ne5+ 43. Bxe5 Bxe5 44. Bc4 Kd6 45. Bg8 Kc6 46.
Bc4 Kb6 47. Be6 Ka5 48. Ke4 Kb6 49. Kd5 Kb5 50. Ke4 Kc6 51. Kf5 Kd6 52. Bc4 Ke7
53. Be6 g4 54. Bd5 h3 55. Kxg4 hxg2 56. Bxg2 Ke6 57. Bc6 f5+ 58. Kf3 Kf6 59.
Bd5 Kg5 60. Bc4 f4 61. Bd5 Bd4 62. Bc4 1/2-1/2

[Event "Championnat de France des Jeunes - Pupi"]
[Site "LA ROCHE SUR YON"]
[Date "2008.04.22"]
[Round "4.14"]
[White "Bordais, Benjamin"]
[Black "Bruez, Cyriaque"]
[Result "1-0"]
[WhiteElo "1770"]
[BlackElo "1627"]
[Annotator "Salaun,Michel"]
[PlyCount "133"]
[EventDate "2008.04.24"]
[EventType "swiss"]
[EventRounds "6"]
[EventCountry "FRA"]

1. e4 c5 2. Nf3 Nc6 3. d4 cxd4 4. Nxd4 e5 5. Nb5 Nf6 6. N1c3 a6 7. Nd6+ Bxd6 8.
Qxd6 Qe7 9. Qd1 b5 10. Bg5 Qb4 11. Bxf6 gxf6 12. Qc1 Bb7 13. a3 Qd4 14. Bd3 Ne7
15. Qd2 Ng6 16. f3 Rg8 17. O-O-O Bc6 18. g3 Ke7 19. Qe2 Qc5 20. Rd2 Rgb8 21.
Qf2 Qxf2 22. Rxf2 a5 23. Kd2 b4 24. axb4 axb4 25. Ne2 Nf8 26. Rhf1 Ne6 27. f4
Rf8 28. g4 Ra2 29. Bc4 Raa8 30. fxe5 fxe5 31. Ng3 Nf4 32. Nh5 Nxh5 33. Rxf7+
Rxf7 34. Rxf7+ Ke8 35. gxh5 Bxe4 36. Rg7 Ra5 37. Bd3 Rd5 38. Ke3 Bxd3 39. cxd3
e4 40. Rxh7 exd3 41. Kd2 Kf8 42. h6 Rd4 43. b3 d5 44. Rd7 Kg8 45. h7+ Kh8 46.
h4 Rxh4 47. Rxd5 Kxh7 48. Kxd3 Kg7 49. Rd4 Rh1 50. Kc4 Kf6 51. Kxb4 Ke6 52. Kb5
Rb1 53. b4 Ke5 54. Rd2 Ke6 55. Kc5 Rc1+ 56. Kb6 Rb1 57. b5 Rh1 58. Kc6 Ke7 59.
Kb7 Rb1 60. b6 Rb3 61. Kc7 Rc3+ 62. Kb8 Rb3 63. b7 Rb1 64. Rd4 Rb2 65. Kc7 Rc2+
66. Kb6 Rc1 67. Rb4 1-0

[Event "Championnat de France des Jeunes - Pupi"]
[Site "LA ROCHE SUR YON"]
[Date "2008.04.23"]
[Round "5.11"]
[White "Baroudel, Hadrien"]
[Black "Bordais, Benjamin"]
[Result "0-1"]
[WhiteElo "1580"]
[BlackElo "1770"]
[Annotator "Salaun,Michel"]
[PlyCount "49"]
[EventDate "2008.04.24"]
[EventType "swiss"]
[EventRounds "6"]
[EventCountry "FRA"]

1. e4 c5 2. Nc3 Nc6 3. g3 g6 4. Bg2 Bg7 5. d3 d6 6. Be3 e6 7. Qd2 h5 8. Nge2
Nge7 9. d4 cxd4 10. Nxd4 O-O 11. O-O a6 12. f4 Qc7 13. h3 Na5 14. b3 b5 15. a3
Bb7 16. Rad1 Rac8 17. Nce2 e5 18. fxe5 dxe5 19. Bg5 exd4 20. Bxe7 Nxb3 21. Qb4
Rfe8 22. Qxb3 Rxe7 23. Nxd4 Bxe4 24. Bxe4 Rxe4 25. c3 0-1

[Event "Championnat de France des Jeunes - Pupi"]
[Site "LA ROCHE SUR YON"]
[Date "2008.04.22"]
[Round "4.15"]
[White "Bigonnet, Jean-Michel"]
[Black "Quinqueneau, Dylan"]
[Result "1-0"]
[WhiteElo "1755"]
[BlackElo "1620"]
[Annotator "Salaun,Michel"]
[PlyCount "45"]
[EventDate "2008.04.24"]
[EventType "swiss"]
[EventRounds "6"]
[EventCountry "FRA"]

1. e4 e5 2. Nc3 Nf6 3. f4 d5 4. fxe5 Nxe4 5. Nf3 Bg4 6. d3 Nxc3 7. bxc3 c5 8.
Be2 d4 9. cxd4 cxd4 10. O-O Bc5 11. Ng5 Bxe2 12. Qxe2 O-O 13. Qe4 g6 14. Qxb7
Nd7 15. Qd5 Qe8 16. Nxf7 Nb6 17. Nh6+ Kg7 18. Qxc5 Rxf1+ 19. Kxf1 Rc8 20. Qxd4
Rxc2 21. e6+ Kf8 22. Qf6+ Qf7 23. Qxf7# 1-0

[Event "Championnat de France des Jeunes - Pupi"]
[Site "LA ROCHE SUR YON"]
[Date "2008.04.22"]
[Round "5.12"]
[White "Kirk, Ezra"]
[Black "Kovarski, Julien"]
[Result "0-1"]
[WhiteElo "1823"]
[BlackElo "1490"]
[Annotator "Salaun,Michel"]
[PlyCount "114"]
[EventDate "2008.04.24"]
[EventType "swiss"]
[EventRounds "6"]
[EventCountry "FRA"]

1. d4 Nf6 2. c4 e6 3. Nc3 Be7 4. Nf3 b6 5. Bg5 Bb7 6. e3 d6 7. Bd3 Nbd7 8. O-O
h6 9. Bh4 c5 10. Qe2 Qc7 11. Bg3 Nh5 12. Rac1 Nxg3 13. hxg3 a6 14. Rfe1 O-O 15.
Bb1 d5 16. cxd5 exd5 17. dxc5 bxc5 18. Nxd5 Bxd5 19. Qd3 Nf6 20. e4 Bxe4 21.
Rxe4 Nxe4 22. Qxe4 g6 23. Qe3 Kh7 24. Kh2 Qd6 25. Rh1 Kg7 26. Bc2 Bf6 27. Kg1
Rh8 28. Kh2 Bxb2 29. Rd1 Qc7 30. Ba4 Rad8 31. Rb1 Bf6 32. Qe4 c4 33. Rb7 Qc5
34. Bc2 Kg8 35. Qf4 Be7 36. Ne5 Rh7 37. Ng4 Qg5 38. Qxc4 h5 39. Ne3 h4 40. g4
Bd6+ 41. Kg1 h3 42. gxh3 Qf6 43. Bb3 Rf8 44. Qe4 Rxh3 45. Bd5 Rh2 46. Qc2 Rh6
47. Ng2 Qe5 48. Bf3 Qc5 (48... Rh1+ 49. Kxh1 Qh2#) 49. Qd2 Rh7 50. Bd5 Bh2+ 51.
Kf1 Be5 52. Ne3 Bc3 53. Qd3 Qa3 54. Qxg6+ Bg7 55. Bxf7+ Kh8 56. Bb3 Qb2 57. Rc7
Qxf2# 0-1

[Event "Championnat de France des Jeunes - Pupi"]
[Site "LA ROCHE SUR YON"]
[Date "2008.04.22"]
[Round "5.13"]
[White "Martin, Damien"]
[Black "Cohen-Solal, Leo"]
[Result "0-1"]
[WhiteElo "1652"]
[BlackElo "1780"]
[Annotator "Salaun,Michel"]
[PlyCount "112"]
[EventDate "2008.04.24"]
[EventType "swiss"]
[EventRounds "6"]
[EventCountry "FRA"]

1. e4 c5 2. Nf3 d6 3. d4 cxd4 4. Nxd4 Nf6 5. Nc3 g6 6. g3 Bg7 7. Bg2 O-O 8. h3
Nc6 9. Nde2 Be6 10. Be3 Ne5 11. b3 Rc8 12. a4 a5 13. Ra2 Nc6 14. Qd2 Nb4 15.
Ra1 Re8 16. Rc1 Nd7 17. O-O Ne5 18. f4 Nec6 19. Nd5 Na2 20. Rcd1 Bxd5 21. exd5
Ncb4 22. c4 Qd7 23. Nd4 e6 24. dxe6 fxe6 25. Nb5 d5 26. Be4 e5 27. Bxd5+ Nxd5
28. Qxa2 Qxh3 29. Qf2 exf4 30. Bxf4 Nxf4 31. Qxf4 Re2 32. Rf2 Rf8 33. Qh4 Qxh4
34. Rxf8+ Bxf8 35. gxh4 Re4 36. h5 gxh5 37. Rd5 Bb4 38. Rxh5 Re3 39. Rd5 b6 40.
Nd4 Bc5 41. Kg2 Bxd4 42. Rxd4 Rxb3 43. Rd8+ Kf7 44. Rd7+ Ke6 45. Rxh7 Kd6 46.
Rh5 Rc3 47. Rb5 Kc7 48. c5 Rxc5 49. Rxc5+ bxc5 50. Kf2 Kd6 51. Ke2 c4 52. Kd2
Kd5 53. Kc3 Kc5 54. Kc2 Kb4 55. Kb2 Kxa4 56. Kc3 Kb5 0-1

[Event "Championnat de France des Jeunes - Pupi"]
[Site "LA ROCHE SUR YON"]
[Date "2008.04.24"]
[Round "6.11"]
[White "Cohen-Solal, Leo"]
[Black "Rouffignac, Tanguy"]
[Result "0-1"]
[WhiteElo "1780"]
[BlackElo "1626"]
[Annotator "Salaun,Michel"]
[PlyCount "90"]
[EventDate "2008.04.24"]
[EventType "swiss"]
[EventRounds "6"]
[EventCountry "FRA"]

1. e4 e5 2. Nf3 Nc6 3. Nc3 Nf6 4. d4 exd4 5. Nxd4 Bb4 6. Nxc6 bxc6 7. Bd3 d5 8.
exd5 cxd5 9. O-O O-O 10. Bg5 c6 11. Qf3 Be7 12. Rfe1 Re8 13. Qg3 Be6 14. Qh4 h6
15. Bxh6 gxh6 16. Qxh6 Bf8 17. Qd2 c5 18. Re3 Ng4 19. Rh3 Bg7 20. Re1 Qf6 21.
Rh5 Bh6 22. Qe2 Rad8 23. Nxd5 Qg7 24. Nc7 Re7 25. Nxe6 Rxe6 26. Qd1 c4 27. Rxe6
cxd3 28. Re1 d2 29. Rf1 Re8 30. Rh3 Nxf2 31. Rxf2 Re1+ 32. Rf1 Rxd1 (32... Qd4+
33. Kh1 Rxf1+ 34. Qxf1 d1=Q) 33. Rxd1 Qd4+ 34. Kh1 Qxb2 35. Rb3 Qxc2 36. Rbb1
Qxa2 37. Kg1 a5 38. Ra1 Qc2 39. Kf2 a4 40. Ke2 Qe4+ 41. Kf1 Qd3+ 42. Kf2 Qe3+
43. Kf1 a3 44. g3 Qf3+ 45. Kg1 Be3# 0-1

[Event "Championnat de France des Jeunes - Pupi"]
[Site "LA ROCHE SUR YON"]
[Date "2008.04.23"]
[Round "5.15"]
[White "Rouffignac, Tanguy"]
[Black "Bourgeois, Florian"]
[Result "1-0"]
[WhiteElo "1626"]
[BlackElo "1733"]
[Annotator "Salaun,Michel"]
[PlyCount "79"]
[EventDate "2008.04.24"]
[EventType "swiss"]
[EventRounds "6"]
[EventCountry "FRA"]

1. e4 e6 2. d4 d5 3. e5 c5 4. c3 Nc6 5. Nf3 Qb6 6. a3 c4 7. Nbd2 Na5 8. g3 Bd7
9. h4 Nb3 10. Nxb3 Ba4 11. Bf4 Ne7 12. Bh3 Nc6 13. Nfd2 Na5 14. O-O Bxb3 15.
Nxb3 Nxb3 16. Rb1 O-O-O 17. Be3 Be7 18. Qh5 Rdf8 19. Qg4 h5 20. Qe2 g6 21. Bf4
Rfg8 22. Qe3 Qd8 23. Bg5 Bxg5 24. hxg5 h4 25. g4 b5 26. Qf4 Qe7 27. Rfd1 Kc7
28. Kh2 Rb8 29. Re1 a5 30. Bg2 b4 31. axb4 axb4 32. cxb4 Rxb4 33. Re2 Ra8 34.
Rbe1 Ra2 35. Bxd5 Kd8 36. Bg2 Rb6 37. d5 exd5 38. Bxd5 Na5 39. Bxc4 Rb4 40.
Qd2+ 1-0

[Event "Championnat de France des Jeunes - Pupi"]
[Site "LA ROCHE SUR YON"]
[Date "2008.05.23"]
[Round "5.14"]
[White "Bernard, Alien"]
[Black "Becache, Matthias"]
[Result "0-1"]
[WhiteElo "1770"]
[BlackElo "1620"]
[Annotator "Salaun,Michel"]
[PlyCount "56"]
[EventDate "2008.04.24"]
[EventType "swiss"]
[EventRounds "6"]
[EventCountry "FRA"]

1. e4 e5 2. Nf3 Nc6 3. Nc3 Nf6 4. d3 Bc5 5. Be2 d6 6. Bg5 h6 7. Bh4 g5 8. Bg3
Be6 9. Qd2 Qe7 10. O-O-O O-O-O 11. h3 Rhg8 12. Na4 Bb4 13. c3 Ba5 14. b4 Bb6
15. Nxb6+ axb6 16. Kb2 Kd7 17. b5 Na5 18. c4 Ra8 19. Ra1 Ra7 20. a4 Nh7 21. Kc3
f5 22. Rhc1 Nf6 23. exf5 Bxf5 24. Qe1 Qh7 25. Kc2 Nxc4 26. Kb3 Na5+ 27. Kb4 Qf7
28. Qc3 Nd5+ 0-1

[Event "Championnat de France des Jeunes - Pupi"]
[Site "LA ROCHE SUR YON"]
[Date "2008.04.24"]
[Round "6.13"]
[White "Quinqueneau, Dylan"]
[Black "Jeannesson, Etienne"]
[Result "0-1"]
[WhiteElo "1620"]
[BlackElo "1810"]
[Annotator "Salaun,Michel"]
[PlyCount "160"]
[EventDate "2008.04.24"]
[EventType "swiss"]
[EventRounds "6"]
[EventCountry "FRA"]

1. e4 c5 2. c3 d5 3. exd5 Qxd5 4. d4 cxd4 5. cxd4 Nc6 6. Nf3 Bg4 7. Nc3 Qd6 8.
Bb5 O-O-O 9. Be3 Bxf3 10. Qxf3 Nxd4 11. Bxd4 Qxd4 12. O-O Qf6 13. Qg4+ e6 14.
Rac1 Kb8 15. Qa4 Rd4 16. Qc2 Qd8 17. Rfd1 Nf6 18. Rxd4 Qxd4 19. Rd1 Qb6 20. Na4
Qc7 21. Qd2 Be7 22. Rc1 Qd6 23. Qc2 a6 24. Be2 Nd5 25. Rd1 Qc7 26. Qb3 Ka7 27.
Nc3 Nxc3 28. bxc3 Bf6 29. c4 Rd8 30. Rb1 Bd4 31. Bf3 Rd7 32. g3 e5 33. Bd5 g6
34. Qf3 b6 35. Qa3 Qc5 36. Qf3 f5 37. Qe2 e4 38. Kg2 b5 39. Qd2 bxc4 40. Be6
Re7 41. Qf4 Be5 42. Qd2 c3 43. Qd5 Qxd5 44. Bxd5 Rc7 45. Bb3 a5 46. Rc1 Kb6 47.
Kf1 Kb5 48. Ke2 Rd7 49. Rc2 a4 50. Be6 Rd6 51. Bg8 h6 52. a3 Kc5 53. Ba2 g5 54.
Bb1 Rb6 55. Rc1 Rb3 56. Kd1 Rxa3 57. Bc2 Ra2 58. Rb1 Rb2 59. Ra1 Rb4 60. Kc1
Bd4 61. Kd1 Bxf2 62. Bxa4 Kd4 63. Bc2 f4 64. gxf4 gxf4 65. Ke2 e3 66. Rd1+ Ke5
67. Rd3 Rc4 68. Rd1 Rd4 69. Rxd4 Kxd4 70. Bb3 Bg1 71. h3 Bh2 72. Bc2 Bg3 73.
Bd1 Kc4 74. Kf1 Kd3 75. Be2+ Kd2 76. Bg4 c2 77. Bf3 c1=Q+ 78. Kg2 Qe1 79. Bg4
Qf2+ 80. Kh1 Qh2# 0-1

[Event "Championnat de France des Jeunes - Pupi"]
[Site "LA ROCHE SUR YON"]
[Date "2008.04.24"]
[Round "6.15"]
[White "Kohi, Armand"]
[Black "Bapst, Valentin"]
[Result "1-0"]
[WhiteElo "1730"]
[BlackElo "1504"]
[Annotator "Salaun,Michel"]
[PlyCount "77"]
[EventDate "2008.04.24"]
[EventType "swiss"]
[EventRounds "6"]
[EventCountry "FRA"]

1. d4 Nf6 2. c4 g6 3. Nc3 d5 4. cxd5 Nxd5 5. e4 Nxc3 6. bxc3 Bg7 7. Bc4 c5 8.
Ne2 O-O 9. O-O Nc6 10. Be3 Bd7 11. Rb1 Qc7 12. Qd2 Rfd8 13. Rfd1 Na5 14. Bd3 c4
15. Bc2 b5 16. a3 Nb7 17. Bf4 Qc8 18. Bh6 Qc7 19. Bxg7 Kxg7 20. Nf4 e6 21. Ne2
e5 22. Qg5 f6 23. Qg3 Bc6 24. f3 Qe7 25. Ra1 Kh8 26. Kh1 a6 27. Qf2 Nd6 28.
dxe5 Qxe5 29. Qd4 Nf7 30. Qxe5 Nxe5 31. Nd4 Bd7 32. Rd2 Be8 33. Rad1 Bf7 34. h3
g5 35. Nf5 Nc6 36. Rd6 Be8 37. Rxf6 Rxd1+ 38. Bxd1 Rd8 39. Rf8# 1-0

[Event "Championnat de France des Jeunes - Pupi"]
[Site "LA ROCHE SUR YON"]
[Date "2008.04.24"]
[Round "6.14"]
[White "Bigonnet, Jean-Michel"]
[Black "Baroudel, Hadrien"]
[Result "1-0"]
[WhiteElo "1755"]
[BlackElo "1580"]
[Annotator "Salaun,Michel"]
[PlyCount "63"]
[EventDate "2008.04.24"]
[EventType "swiss"]
[EventRounds "6"]
[EventCountry "FRA"]

1. e4 e5 2. Nc3 Nf6 3. f4 d5 4. fxe5 Nxe4 5. Nf3 Nxc3 6. dxc3 Bc5 7. Bf4 Bf5 8.
Qd2 O-O 9. O-O-O c6 10. Be2 Nd7 11. Qe1 b5 12. Rf1 Qb6 13. Bd3 Bxd3 14. Rxd3
Rfe8 15. Qh4 Re6 16. Ng5 Rh6 17. Qg4 Qb7 18. Bg3 Rf8 19. Rdf3 Nb6 20. Rxf7 Rxf7
21. Rxf7 Qa6 22. Qf3 Qc8 23. e6 Qe8 24. Be5 Rg6 25. h4 (25. Qh5) 25... Nc4 26.
Bf4 (26. Qh5) 26... Bd6 27. b3 Ne5 (27... Ba3+ 28. Kd1 Rxe6) 28. Bxe5 Bxe5 29.
e7 Rf6 30. Qh5 Bf4+ 31. Kd1 Bxg5 32. Rxg7+ 1-0

[Event "Championnat de France des Jeunes - Pupi"]
[Site "LA ROCHE SUR YON"]
[Date "2008.04.24"]
[Round "6.12"]
[White "Malka, Samuel"]
[Black "Crouzet, Emeric"]
[Result "1/2-1/2"]
[WhiteElo "1598"]
[BlackElo "1730"]
[Annotator "Salaun,Michel"]
[PlyCount "58"]
[EventDate "2008.04.24"]
[EventType "swiss"]
[EventRounds "6"]
[EventCountry "FRA"]

1. Nf3 d5 2. d4 c5 3. e3 Nc6 4. c3 Bg4 5. Bb5 Qb6 6. Bxc6+ Qxc6 7. O-O e6 8.
Nbd2 Nf6 9. a4 b6 10. Qb3 c4 11. Qb5 Rc8 12. Ne5 Qxb5 13. axb5 Rc7 14. Nc6 Bd6
15. Nxa7 O-O 16. Nc6 Ne8 17. f3 Bh5 18. e4 Bf4 19. e5 Rb7 20. Ra4 Nc7 21. Rb4
Kh8 22. g3 Be3+ 23. Kg2 Bxd2 24. Bxd2 Rc8 25. Ne7 Re8 26. Nc6 Rc8 27. Ne7 Re8
28. Nc6 Rc8 29. Ne7 Re8 1/2-1/2

[Event "Championnat de France des Jeunes - Benj"]
[Site "LA ROCHE SUR YON"]
[Date "2008.04.21"]
[Round "2.12"]
[White "Cabanes, Kim"]
[Black "Deslias, Gregoire"]
[Result "1-0"]
[WhiteElo "1939"]
[BlackElo "1716"]
[Annotator "Salaun,Michel"]
[PlyCount "139"]
[EventDate "2008.04.23"]
[EventType "swiss"]
[EventRounds "5"]
[EventCountry "FRA"]

1. e4 e5 2. Nf3 Nc6 3. Nc3 Nf6 4. Bb5 a6 5. Bxc6 dxc6 6. d3 Bd6 7. Bg5 Bg4 8.
h3 Bh5 9. Qd2 h6 10. Be3 Qe7 11. O-O-O O-O-O 12. g4 Bg6 13. Qe2 Nd7 14. h4 f6
15. h5 Bf7 16. Nh4 Bb4 17. Nb1 Qe8 18. a3 Bd6 19. Rhf1 g6 20. hxg6 Bxg6 21. Nf5
h5 22. f3 hxg4 23. fxg4 Bxf5 24. gxf5 Qh5 25. Qxh5 Rxh5 26. Rh1 Rdh8 27. Rxh5
Rxh5 28. Rg1 Kd8 29. Nc3 Rh7 30. Ne2 Ke7 31. Kd2 Kf7 32. c3 Rh4 33. Bf2 Rh3 34.
Rg3 Rxg3 35. Nxg3 Bc5 36. Bxc5 Nxc5 37. b4 Nd7 38. d4 exd4 39. cxd4 b6 40. Ke3
c5 41. bxc5 bxc5 42. dxc5 Nxc5 43. Kd4 Nb3+ 44. Kc3 Nc5 45. Kc4 Nb7 46. Kd5 Na5
47. Ne2 c6+ 48. Kc5 Ke7 49. Ng3 Kd7 50. Nh5 Ke7 51. a4 Nb3+ 52. Kxc6 a5 53. Kd5
Kf7 54. Nf4 Nd2 55. Nd3 Nb1 56. Nc5 Ke7 57. Kd4 Nd2 58. Kd3 Nf3 59. Nb3 Ne5+
60. Kd4 Nc6+ 61. Kc5 Kd7 62. Nd2 Ne5 63. Kd5 Nd3 64. Nc4 Nb4+ 65. Kc5 Nd3+ 66.
Kd4 Ne5 67. Nxa5 Kd6 68. Nc4+ Kc6 69. Ne3 Kd6 70. Nd5 1-0

[Event "Championnat de France des Jeunes - Benj"]
[Site "LA ROCHE SUR YON"]
[Date "2008.04.21"]
[Round "2.11"]
[White "Barbaras, Mathieu"]
[Black "Roubaud, Alexandre"]
[Result "1-0"]
[WhiteElo "1791"]
[BlackElo "1949"]
[Annotator "Salaun,Michel"]
[PlyCount "51"]
[EventDate "2008.04.23"]
[EventType "swiss"]
[EventRounds "5"]
[EventCountry "FRA"]

1. e4 e5 2. Nf3 Nc6 3. Bc4 Bc5 4. c3 Nf6 5. d3 h6 6. Nbd2 d6 7. Bb3 O-O 8. Nf1
Ne7 9. h3 c6 10. g4 Qb6 11. Be3 Ng6 12. Qd2 Bxe3 13. Nxe3 Be6 14. Nf5 Bxb3 15.
axb3 d5 16. g5 hxg5 17. Qxg5 dxe4 18. h4 exf3 19. h5 Nxh5 20. Qxh5 Rfd8 21.
Qh7+ Kf8 22. Qxg7+ (22. Qh8+ Nxh8 23. Rxh8#) 22... Ke8 23. Qg8+ Nf8 24. Qxf8+
Kd7 25. Qd6+ Kc8 26. Ne7# 1-0

[Event "Championnat de France des Jeunes - Benj"]
[Site "LA ROCHE SUR YON"]
[Date "2008.04.21"]
[Round "2.13"]
[White "Cornaton, Antoine"]
[Black "Rakotoniaina, Erwin"]
[Result "0-1"]
[WhiteElo "1790"]
[BlackElo "1920"]
[Annotator "Salaun,Michel"]
[PlyCount "80"]
[EventDate "2008.04.23"]
[EventType "swiss"]
[EventRounds "5"]
[EventCountry "FRA"]

1. e4 c5 2. Nc3 e6 3. g3 a6 4. Bg2 Qc7 5. d3 Nf6 6. h3 Be7 7. f4 d6 8. Be3 Nc6
9. Nf3 Rb8 10. O-O b5 11. Nd2 Bb7 12. Ne2 O-O 13. f5 exf5 14. Rxf5 g6 15. Rf2
Rfe8 16. Nf3 d5 17. Bf4 Bd6 18. Bxd6 Qxd6 19. exd5 Nxd5 20. Qd2 Ne3 21. Bh1 Nb4
22. Ne1 Bxh1 23. Kxh1 Rbd8 24. Kh2 h5 25. a3 Nc6 26. Ng2 Nf5 27. Qf4 Qf6 28.
Rb1 Ncd4 29. Nxd4 Rxd4 30. Qf3 Qd6 31. Nf4 h4 32. Ne2 hxg3+ 33. Nxg3 Re3 34.
Qa8+ Kg7 35. Rg1 Rxg3 36. Rgg2 Rxg2+ 37. Kxg2 Qg3+ 38. Kf1 Ne3+ 39. Ke2 Nxc2
40. Qe8 Qxd3# 0-1

[Event "Championnat de France des Jeunes - Benj"]
[Site "LA ROCHE SUR YON"]
[Date "2008.04.21"]
[Round "2.15"]
[White "Rasamoely, Timothy"]
[Black "Peyre, Thomas"]
[Result "0-1"]
[WhiteElo "1760"]
[BlackElo "1911"]
[Annotator "Salaun,Michel"]
[PlyCount "108"]
[EventDate "2008.04.23"]
[EventType "swiss"]
[EventRounds "5"]
[EventCountry "FRA"]

1. e4 e6 2. d4 d5 3. e5 c5 4. c3 Nc6 5. Nf3 Qb6 6. Bd3 Bd7 7. Be2 Nh6 8. O-O
cxd4 9. Qb3 Qxb3 10. axb3 dxc3 11. bxc3 Nf5 12. Bd3 Nfe7 13. c4 Nb4 14. Rd1
Nxd3 15. Rxd3 Nc6 16. Ba3 Bxa3 17. Nxa3 Nb4 18. Rd2 Ke7 19. Rad1 Rhd8 20. h3
Rac8 21. cxd5 Nxd5 22. Nc4 Nc3 23. Rc1 Nb5 24. Rcd1 Bc6 25. Nd6 Nxd6 26. exd6+
Kf6 27. Nh2 h5 28. Nf1 Bd5 29. Rd3 Rxd6 30. Ng3 Kg6 31. Ne2 Rcd8 32. Nf4+ Kh6
33. b4 R6d7 34. b5 a6 35. bxa6 bxa6 36. Rc3 Bb7 37. Rxd7 Rxd7 38. h4 Rd4 39.
Rb3 Rxf4 40. Rxb7 Kg6 41. g3 Ra4 42. Rb1 a5 43. Kg2 Rc4 44. Ra1 a4 45. Kf1 Kf5
46. Ke2 Ke4 47. Ra3 Kd4 48. Rd3+ Kc5 49. Rd7 a3 50. Kd3 Ra4 51. Rc7+ Kd5 52.
Rc1 a2 53. Ra1 Ra7 54. Kd2 Kd4 0-1

[Event "Championnat de France des Jeunes - Benj"]
[Site "LA ROCHE SUR YON"]
[Date "2008.04.21"]
[Round "3.12"]
[White "Thon, Gabriel"]
[Black "Ringuet, Noe"]
[Result "0-1"]
[WhiteElo "1925"]
[BlackElo "1821"]
[Annotator "Salaun,Michel"]
[PlyCount "98"]
[EventDate "2008.04.23"]
[EventType "swiss"]
[EventRounds "5"]
[EventCountry "FRA"]

1. e4 c5 2. Nf3 d6 3. d4 cxd4 4. Nxd4 Nf6 5. Nc3 a6 6. Bg5 e6 7. f4 Be7 8. Qf3
Nbd7 9. O-O-O h6 10. Bh4 g6 11. Be2 e5 12. fxe5 Nxe5 13. Qf2 Nfg4 14. Bxe7 Nxf2
15. Bxd8 Kxd8 16. Nf3 Nxf3 17. Bxf3 Nxh1 18. Rxh1 Be6 19. Rd1 Kc7 20. Nd5+ Bxd5
21. Rxd5 Rhe8 22. Kd2 Re5 23. Rd3 Rae8 24. Rc3+ Rc5 25. Rb3 b5 26. Ra3 Kb6 27.
Rd3 Rd8 28. c3 Kc7 29. g4 Kd7 30. Rd4 Ke7 31. h3 Kf6 32. Ke3 Ke5 33. a3 Re8 34.
Kd2 Kf4 35. Rd3 Re6 36. Bg2 Kg5 37. Ke3 f5 38. gxf5 gxf5 39. h4+ Kf6 40. Kf4
fxe4 41. Bxe4 Rc4 42. Rd4 Rxd4 43. cxd4 Re7 44. Kf3 a5 45. Kf4 b4 46. a4 Rc7
47. Ke3 Rc1 48. Kd2 Rf1 49. Ke2 Rf4 0-1

[Event "Championnat de France des Jeunes - Benj"]
[Site "LA ROCHE SUR YON"]
[Date "2008.04.21"]
[Round "3.11"]
[White "Netzer, Jacques"]
[Black "Pages, Thomas"]
[Result "1-0"]
[WhiteElo "2059"]
[BlackElo "1630"]
[Annotator "Salaun,Michel"]
[PlyCount "63"]
[EventDate "2008.04.23"]
[EventType "swiss"]
[EventRounds "5"]
[EventCountry "FRA"]

1. e4 Nf6 2. e5 Nd5 3. d4 d6 4. c4 Nb6 5. exd6 exd6 6. Nf3 Be7 7. Bd3 Bg4 8.
O-O O-O 9. Be3 N8d7 10. Nbd2 c5 11. Qc2 Nf6 12. d5 Nbd7 13. h3 Bxf3 14. Nxf3
Ne5 15. Nxe5 dxe5 16. f4 Qd6 17. fxe5 Qxe5 18. Bf4 Qh5 19. Rae1 Bd8 20. Bd6 Ba5
21. Re5 Qh4 22. Bxf8 Qd4+ 23. Qf2 Qxe5 24. Bxc5 Bc7 25. g4 Qg5 26. Be3 Qe5 27.
g5 Re8 28. Bf4 Bb6 29. Bxe5 Bxf2+ 30. Rxf2 Rxe5 31. gxf6 Re3 32. Re2 1-0

[Event "Championnat de France des Jeunes - Benj"]
[Site "LA ROCHE SUR YON"]
[Date "2008.04.21"]
[Round "2.14"]
[White "Kirk, Eden"]
[Black "Muller, Matthieu"]
[Result "0-1"]
[WhiteElo "1915"]
[BlackElo "1680"]
[Annotator "Salaun,Michel"]
[PlyCount "46"]
[EventDate "2008.04.23"]
[EventType "swiss"]
[EventRounds "5"]
[EventCountry "FRA"]

1. d4 d5 2. c4 e6 3. Nc3 Nf6 4. Nf3 c5 5. Bg5 cxd4 6. Nxd4 Bc5 7. Nf3 Qb6 8. e3
Qxb2 9. Bxf6 gxf6 10. Rc1 Bb4 11. Qd2 Qxd2+ 12. Nxd2 dxc4 13. Nb5 Na6 14. Rxc4
Ke7 15. Ke2 Bd7 16. a4 Rac8 17. g3 Bc6 18. e4 Rhd8 19. Nf3 Bxb5 20. axb5 Rxc4
21. bxa6 Rc2+ 22. Ke3 Bc5+ 23. Kf4 e5+ 0-1

[Event "Championnat de France des Jeunes - Benj"]
[Site "LA ROCHE SUR YON"]
[Date "2008.04.21"]
[Round "3.13"]
[White "Marie, Loic"]
[Black "Domenech, Vianney"]
[Result "0-1"]
[WhiteElo "1851"]
[BlackElo "1923"]
[Annotator "Salaun,Michel"]
[PlyCount "104"]
[EventDate "2008.04.23"]
[EventType "swiss"]
[EventRounds "5"]
[EventCountry "FRA"]

1. c4 c6 2. e4 d5 3. exd5 cxd5 4. d4 Nc6 5. Nc3 e6 6. Nf3 Nf6 7. Bd3 Be7 8. O-O
O-O 9. a3 a6 10. cxd5 Nxd5 11. Bc2 b5 12. Qd3 f5 13. Re1 Bf6 14. Bb3 Na5 15.
Nxd5 exd5 16. Ba2 Nc4 17. b3 Nd6 18. Bd2 Ne4 19. Bb4 Re8 20. Rac1 Bb7 21. Bc5
Kh8 22. b4 Qd7 23. Ne5 Bxe5 24. dxe5 Rxe5 25. Bb6 Rc8 26. Rxc8+ Bxc8 27. Rc1
Nf6 28. Bd4 Re8 29. Bxf6 gxf6 30. Qxd5 Qxd5 31. Bxd5 Kg7 32. Rc7+ Kh6 33. Kf1
Be6 34. Rc5 Kg6 35. g3 Bxd5 36. Rxd5 Re6 37. h4 Rc6 38. Rc5 Rxc5 39. bxc5 Kf7
40. Ke2 Ke6 41. Ke3 Kd5 42. Kf4 a5 43. Kxf5 b4 44. axb4 axb4 45. c6 Kxc6 46.
Ke4 b3 47. Kd3 Kd5 48. Kc3 Ke4 49. Kxb3 Kf3 50. Kc3 Kxf2 51. g4 h6 52. Kd3 Kg3
0-1